000 00570nam a2200157Ia 4500
999 _c53660
_d53660
003 GCL
005 20240530105150.0
008 140319s9999 xx 000 0 ara d
040 _aGCL /
_cGCL
082 0 4 _a230
_bد س
100 1 _aالدارمى ، عبدالله بن عبدالرحمن الفضل مهر
245 1 0 _aسنن الدارمى /
_cالدارمى ، عبدالله بن عبدالرحمن بن الفضل بن بمهرام
260 _a[S.N] :
_bدار احياء السنة النبوية
650 0 4 _aالفقه الاسلامى
942 _2ddc
_cBK